Advanced reading skills 1= Kỹ năng đọc nâng cao 1
Giáo trình được biên soạn giúp sinh viên nâng cao kỹ năng đọc hiểu thông qua các bài đọc hiểu và các bài tập liên quan.
保存先:
| 第一著者: | |
|---|---|
| フォーマット: | 図書 |
| 言語: | Undetermined |
| 出版事項: |
Cần Thơ
Trường Đại học Cần Thơ
2010
|
| 主題: | |
| タグ: |
タグ追加
タグなし, このレコードへの初めてのタグを付けませんか!
|
| Thư viện lưu trữ: | Trung tâm Học liệu Trường Đại học Cần Thơ |
|---|
| LEADER | 00836nam a2200217Ia 4500 | ||
|---|---|---|---|
| 001 | CTU_165477 | ||
| 008 | 210402s9999 xx 000 0 und d | ||
| 020 | |c 13310 | ||
| 082 | |a 428.24 | ||
| 082 | |b Kh107 | ||
| 100 | |a Phan, Thị Mỹ Khánh | ||
| 245 | 0 | |a Advanced reading skills 1= | |
| 245 | 0 | |b Kỹ năng đọc nâng cao 1 | |
| 245 | 0 | |c Phan Thị Mỹ Khánh | |
| 260 | |a Cần Thơ | ||
| 260 | |b Trường Đại học Cần Thơ | ||
| 260 | |c 2010 | ||
| 520 | |a Giáo trình được biên soạn giúp sinh viên nâng cao kỹ năng đọc hiểu thông qua các bài đọc hiểu và các bài tập liên quan. | ||
| 650 | |a English language,Reading comprehension,Kỹ năng đọc hiểu | ||
| 904 | |i Bích Vân | ||
| 980 | |a Trung tâm Học liệu Trường Đại học Cần Thơ | ||